000 00354nam a2200157Ia 4500
008 151213s9999 xx 000 0 und d
100 _aC.P.Snow
245 _aTime Of Hope
_cC.P.Snow
250 _a1st
260 _aAustralia
_bPenguijng Book
_c1949
300 _a4336 p.
650 _aEnglish
650 _aStory
700 _aC.P.Snow
999 _c2750
_d2750